[Event "SR 3. liga A2 2010/2011"]
[Site "?"]
[Date "2010.11.14"]
[Round "3.7"]
[White "Vlkovic, Pavol"]
[Black "Bjel, Tomas"]
[Result "1-0"]
[WhiteElo "1840"]
[BlackElo "1743"]
[PlyCount "115"]
[EventDate "2010.??.??"]
[WhiteTeam "Slovakia"]
[BlackTeam "II"]
[WhiteTeamCountry "SVK"]
[BlackTeamCountry "SVK"]

1. e4 e5 2. Nf3 Nc6 3. Bc4 d6 4. h3 Be7 5. d3 Nf6 6. c3 Be6 7. Nbd2 Na5 8. Bb5+
c6 9. Ba4 b5 10. Bc2 O-O 11. Nf1 Nd7 12. Ng3 d5 13. O-O f5 14. exf5 Bxf5 15.
Re1 Qc7 16. b4 Nb7 17. Bb3 Rae8 18. d4 Bd6 19. Nxf5 Rxf5 20. dxe5 Nxe5 21. Nd4
Rff8 22. Bg5 a5 23. a3 Nf7 24. Be3 Be5 25. Qd3 Bxd4 26. cxd4 Nbd6 27. Bc2 Ne4
28. f3 Nf6 29. Qd2 a4 30. Bf4 Qd8 31. Qc3 Nh5 32. Bh2 Qh4 33. Qd2 Ng5 34. Rxe8
Rxe8 35. Qf2 Qxf2+ 36. Kxf2 Nf6 37. Rc1 Ne6 38. Be5 Nd7 39. Bd3 Nxe5 40. dxe5
Nf4 41. Bf1 Re6 42. g3 Ng6 43. f4 Ne7 44. h4 Nf5 45. h5 g6 46. Bh3 Kf7 47. g4
Ne7 48. hxg6+ hxg6 49. g5 Nf5 50. Bxf5 gxf5 51. Rh1 Kg7 52. Ke3 Rg6 53. Kd4 Re6
54. Kc5 Rg6 55. Rh6 Kf7 56. Rxg6 Kxg6 57. e6 d4 58. Kxd4 1-0

[Event "SR 3. liga A2 2010/2011"]
[Site "?"]
[Date "2010.11.14"]
[Round "3.7"]
[White "Zajicek, Ferdinand"]
[Black "Arpa, Zoltan"]
[Result "1/2-1/2"]
[WhiteElo "1873"]
[BlackElo "1917"]
[PlyCount "92"]
[EventDate "2010.??.??"]
[WhiteTeam "Slovakia"]
[BlackTeam "II"]
[WhiteTeamCountry "SVK"]
[BlackTeamCountry "SVK"]

1. e4 e6 2. Nf3 d5 3. exd5 exd5 4. d4 Bg4 5. Be2 Nf6 6. Bg5 Be7 7. O-O O-O 8.
Ne5 Bxe2 9. Qxe2 c6 10. Nd2 Re8 11. Qf3 Nbd7 12. Rae1 Nxe5 13. Rxe5 Nd7 14.
Rxe7 Rxe7 15. Bxe7 Qxe7 16. Qb3 Nf6 17. Nf3 Re8 18. h3 Qc7 19. Qb4 Qe7 20. Qa4
a6 21. Re1 Qc7 22. Rxe8+ Nxe8 23. Qb3 Qe7 24. Qe3 Qxe3 25. fxe3 Nd6 26. Nd2 f6
27. Kf2 Kf7 28. Kf3 Ke6 29. Kf4 g6 30. a3 h5 31. b3 g5+ 32. Kf3 Kf5 33. g4+
hxg4+ 34. hxg4+ Ke6 35. e4 Nb5 36. Ke3 Nxa3 37. Kd3 Nb5 38. c4 Nd6 39. b4 Nxc4
40. Nxc4 dxc4+ 41. Kxc4 b6 42. Kc3 Kd6 43. Kc4 b5+ 44. Kc3 Ke6 45. Kd3 Kd6 46.
Kc3 Ke6 1/2-1/2

[Event "SR 3. liga A2 2010/2011"]
[Site "?"]
[Date "2010.11.14"]
[Round "3.7"]
[White "Zisek, Jaroslav"]
[Black "Koloditsova, Renata"]
[Result "0-1"]
[WhiteElo "1871"]
[BlackElo "1759"]
[PlyCount "50"]
[EventDate "2010.??.??"]
[WhiteTeam "Slovakia"]
[BlackTeam "II"]
[WhiteTeamCountry "SVK"]
[BlackTeamCountry "SVK"]

1. c4 e5 2. Nc3 Nc6 3. Nf3 Nf6 4. e4 Bc5 5. Be2 d6 6. d3 h6 7. h3 Bd7 8. Be3
Nd4 9. O-O O-O 10. Bxd4 exd4 11. Na4 Nh5 12. Nxc5 dxc5 13. Nxd4 Nf4 14. Nf3 Qf6
15. Qd2 Bxh3 16. Kh2 Bxg2 17. Rg1 Qe6 18. Kg3 g5 19. Rh1 Bxh1 20. Rxh1 Kg7 21.
Ng1 Qe5 22. Kf3 Rae8 23. Bf1 f5 24. Qc2 Ne6 25. Ke3 Qf4+ 0-1

[Event "SR 3. liga A2 2010/2011"]
[Site "?"]
[Date "2010.11.14"]
[Round "3.8"]
[White "Babirat, Michal"]
[Black "Sandor, Stefan"]
[Result "1-0"]
[WhiteElo "1757"]
[BlackElo "1682"]
[PlyCount "113"]
[EventDate "2010.??.??"]
[WhiteTeam "Slovakia"]
[BlackTeam "II"]
[WhiteTeamCountry "SVK"]
[BlackTeamCountry "SVK"]

1. c4 c5 2. Nc3 Nf6 3. g3 g6 4. Bg2 Bg7 5. e3 O-O 6. Nge2 Qc7 7. b3 Nc6 8. d4
cxd4 9. exd4 d6 10. O-O Bf5 11. d5 Ne5 12. Nd4 Bd7 13. h3 Qc8 14. Kh2 Be8 15.
f4 Ned7 16. Re1 Qd8 17. Bb2 a6 18. Qe2 Ng4+ 19. hxg4 Bxd4 20. Qxe7 Qxe7 21.
Rxe7 Rb8 22. Rc1 b5 23. cxb5 axb5 24. b4 Nb6 25. Nd1 Bxb2 26. Nxb2 Rc8 27. Rxc8
Nxc8 28. Rb7 f6 29. Nd1 Rf7 30. Rxf7 Kxf7 31. Nc3 Na7 32. Kg1 Bd7 33. Bf3 f5
34. g5 Ke7 35. Kf2 Kd8 36. Ke3 Kc7 37. Kd4 Kb6 38. Bd1 Ka6 39. Be2 Kb6 40. Nd1
Nc8 41. Ne3 Ne7 42. g4 Bc8 43. gxf5 Nxf5+ 44. Nxf5 Bxf5 45. Bd3 Ka6 46. Bxf5
gxf5 47. Ke3 Kb7 48. Kf3 Kc7 49. Kg3 Kd7 50. Kh4 Ke7 51. Kh5 Kf7 52. Kh6 Kg8
53. g6 Kh8 54. a3 Kg8 55. gxh7+ Kh8 56. Kg5 Kxh7 57. Kxf5 1-0

[Event "SR 3. liga A2 2010/2011"]
[Site "?"]
[Date "2010.11.14"]
[Round "3.8"]
[White "Mezei, Tibor"]
[Black "Papanek, Lubomir"]
[Result "1-0"]
[WhiteElo "1623"]
[BlackElo "1653"]
[PlyCount "105"]
[EventDate "2010.??.??"]
[WhiteTeam "Slovakia"]
[BlackTeam "II"]
[WhiteTeamCountry "SVK"]
[BlackTeamCountry "SVK"]

1. e4 c5 2. Nf3 d6 3. Bc4 e6 4. d4 cxd4 5. Nxd4 Nf6 6. Nc3 a6 7. Nf3 b5 8. Bd3
Nc6 9. Be3 Ng4 10. Nd4 Nxe3 11. fxe3 Qb6 12. Nxc6 Qxc6 13. Qe2 Be7 14. Nxb5 O-O
15. Nd4 Qb6 16. c3 e5 17. Nf5 Bxf5 18. exf5 Bg5 19. Kf2 d5 20. h4 Bh6 21. g4 g6
22. g5 Bg7 23. f6 Bxf6 24. gxf6 Qxf6+ 25. Ke1 e4 26. Bc2 Qb6 27. Bb3 Rad8 28.
Rd1 Qc5 29. Rd4 Rd6 30. h5 Re8 31. hxg6 fxg6 32. Qh2 Re7 33. Qh4 Rf7 34. Rxe4
Qc8 35. Re5 Re6 36. Qg4 Re8 37. Qxc8 Rxc8 38. Rxd5 Kg7 39. Ra5 Rf6 40. Rf1 Rcf8
41. Rxf6 Rxf6 42. Bc4 Rb6 43. b3 Rf6 44. Rxa6 Rf3 45. Ra7+ Kh6 46. Ke2 Rh3 47.
b4 Kg5 48. Rf7 h5 49. b5 h4 50. b6 Rh2+ 51. Rf2 Rh1 52. b7 Rb1 53. Bb3 1-0

[Event "SR 3. liga A2 2010/2011"]
[Site "?"]
[Date "2010.11.14"]
[Round "3.8"]
[White "Rau, Vladimir"]
[Black "Hrubos, Milan"]
[Result "1/2-1/2"]
[WhiteElo "1637"]
[BlackElo "1802"]
[PlyCount "122"]
[EventDate "2010.??.??"]
[WhiteTeam "Slovakia"]
[BlackTeam "II"]
[WhiteTeamCountry "SVK"]
[BlackTeamCountry "SVK"]

1. d4 Nf6 2. c4 e6 3. Nc3 d5 4. e3 c6 5. Nf3 Nbd7 6. Bd3 dxc4 7. Bxc4 b5 8. Bd3
a6 9. Bd2 Bb7 10. Qe2 Rc8 11. O-O c5 12. b3 cxd4 13. Nxd4 Bc5 14. Rac1 O-O 15.
h3 Ne5 16. Rfe1 Bxd4 17. exd4 Nc6 18. Ne4 Nxd4 19. Nxf6+ Qxf6 20. Qe3 Nf5 21.
Qf4 Ne7 22. Qxf6 gxf6 23. Bb4 Rfe8 24. Rxc8 Bxc8 25. Be4 f5 26. Bf3 Ng6 27. Bc6
Rd8 28. Rc1 Ne5 29. Be7 Rd2 30. Bf6 Nxc6 31. Rxc6 Bb7 32. Rc7 Rxa2 33. Rxb7 h6
34. b4 Kh7 35. Rb8 Kg6 36. Be7 Rd2 37. Rg8+ Kh7 38. Ra8 Ra2 39. h4 h5 40. Bf6
Ra4 41. Be7 Ra2 42. f3 e5 43. Bd6 e4 44. fxe4 fxe4 45. Re8 f5 46. Bc5 a5 47.
bxa5 Rxa5 48. Rb8 Ra1+ 49. Kh2 Rb1 50. Kg3 Rb2 51. Kf4 Rxg2 52. Kxf5 Rg4 53.
Rb7+ Kg8 54. Kf6 Rxh4 55. Kg5 Rg4+ 56. Kxh5 Rg2 57. Rxb5 Kf7 58. Bd4 Ke6 59.
Kh4 Kd6 60. Kh3 Rg8 61. Be3 Kc6 1/2-1/2

[Event "SR 3. liga A2 2010/2011"]
[Site "?"]
[Date "2010.11.14"]
[Round "3.8"]
[White "Slaby, Jozef"]
[Black "Berger, Patrik"]
[Result "1/2-1/2"]
[WhiteElo "1865"]
[BlackElo "1720"]
[PlyCount "72"]
[EventDate "2010.??.??"]
[WhiteTeam "Slovakia"]
[BlackTeam "II"]
[WhiteTeamCountry "SVK"]
[BlackTeamCountry "SVK"]

1. d4 Nf6 2. c4 g6 3. Nc3 Bg7 4. e4 d6 5. f3 O-O 6. Be3 Nc6 7. Qd2 e5 8. d5 Ne7
9. Bd3 Ne8 10. g4 c6 11. h4 cxd5 12. cxd5 f6 13. Nge2 Bd7 14. Ng3 Qa5 15. Ke2
Nc7 16. a4 Na6 17. Bb5 Rfd8 18. h5 g5 19. Nf5 Nxf5 20. exf5 h6 21. Rhc1 Kf7 22.
Kf2 Ke7 23. Bxa6 Qxa6 24. b4 b6 25. Qe2 Qxe2+ 26. Kxe2 Rdc8 27. b5 Rc4 28. Kd3
Rac8 29. Ne2 Rxc1 30. Rxc1 Rxc1 31. Nxc1 Kd8 32. Kc4 Kc7 33. Nd3 a5 34. bxa6
Bxa4 35. Kb4 Bd1 36. Ne1 Be2 1/2-1/2

[Event "SR 3. liga A2 2010/2011"]
[Site "?"]
[Date "2010.11.14"]
[Round "3.8"]
[White "Smrek, Peter"]
[Black "Hornak, Pavol"]
[Result "1/2-1/2"]
[WhiteElo "1882"]
[BlackElo "1773"]
[PlyCount "120"]
[EventDate "2010.??.??"]
[WhiteTeam "Slovakia"]
[BlackTeam "II"]
[WhiteTeamCountry "SVK"]
[BlackTeamCountry "SVK"]

1. e4 c5 2. Nf3 d6 3. d4 cxd4 4. Nxd4 Nf6 5. Nc3 a6 6. Bd3 e6 7. Be3 Be7 8. h3
Qc7 9. Qd2 O-O 10. g4 b5 11. a3 Bb7 12. O-O-O Nc6 13. Nxc6 Bxc6 14. Rdg1 d5 15.
f3 dxe4 16. Nxe4 Nxe4 17. fxe4 Rfd8 18. Qf2 Rxd3 19. cxd3 Bxe4+ 20. Kd2 Bxh1
21. Rxh1 Rc8 22. Rf1 Qc2+ 23. Ke1 Qxf2+ 24. Bxf2 Rc1+ 25. Ke2 Rxf1 26. Kxf1 Kf8
27. Ke2 Ke8 28. Bb6 Kd7 29. d4 Kc6 30. Ba5 Kd5 31. Kd3 g6 32. Bd2 Bf6 33. Be3
e5 34. dxe5 Bxe5 35. b3 f5 36. gxf5 gxf5 37. Bf2 h5 38. a4 Bf6 39. axb5 axb5
40. Bg3 Be5 41. Be1 Ke6 42. Ke3 Kf6 43. Bh4+ Kg6 44. Be1 Kg5 45. Kf3 Kf6 46.
Bf2 Ke6 47. Bb6 Kd5 48. Ke3 f4+ 49. Kf3 Bd4 50. Bd8 Be3 51. h4 Kd4 52. Ba5 Kd3
53. b4 Bd2 54. Bc7 Kc4 55. Bd6 Bxb4 56. Bxf4 Be1 57. Ke4 Bxh4 58. Kf5 Be1 59.
Bd6 b4 60. Bxb4 Bxb4 1/2-1/2

[Event "SR 3. liga A2 2010/2011"]
[Site "?"]
[Date "2010.11.14"]
[Round "3.8"]
[White "Tomovicsova, Evelina"]
[Black "Havlicek, Peter"]
[Result "1/2-1/2"]
[WhiteElo "1677"]
[BlackElo "1688"]
[PlyCount "73"]
[EventDate "2010.??.??"]
[WhiteTeam "Slovakia"]
[BlackTeam "II"]
[WhiteTeamCountry "SVK"]
[BlackTeamCountry "SVK"]

1. d4 d5 2. c4 e6 3. Nc3 Nf6 4. Bg5 Be7 5. e3 O-O 6. Nf3 h6 7. Bh4 c6 8. c5 Ne4
9. Bxe7 Qxe7 10. Nxe4 dxe4 11. Nd2 f5 12. Be2 Nd7 13. Qc2 Nf6 14. Nc4 Nd5 15.
Ne5 Rf6 16. a3 Bd7 17. Bh5 Be8 18. Bxe8 Rxe8 19. h4 h5 20. g3 Qc7 21. Rc1 g6
22. b4 Kg7 23. Rb1 a6 24. Ke2 Rff8 25. Rb2 Nf6 26. a4 Rd8 27. Rhb1 Nd7 28. Nxd7
Rxd7 29. Rd1 Rd5 30. Qc4 Rfd8 31. Rbd2 e5 32. Qc3 exd4 33. Rxd4 Rxd4 34. Rxd4
Kf7 35. Rxd8 Qxd8 36. Qc4+ Kf6 37. Qb3 1/2-1/2

[Event "SR 3. liga A2 2010/2011"]
[Site "?"]
[Date "2010.11.28"]
[Round "4.1"]
[White "Gasa, Andrej"]
[Black "Veselsky, Jozef"]
[Result "1/2-1/2"]
[WhiteElo "2256"]
[BlackElo "2118"]
[PlyCount "129"]
[EventDate "2010.??.??"]
[WhiteTeam "Slovakia"]
[BlackTeam "II"]
[WhiteTeamCountry "SVK"]
[BlackTeamCountry "SVK"]

1. e4 c5 2. Nf3 d6 3. d4 cxd4 4. Nxd4 Nf6 5. Nc3 Nc6 6. Bg5 a6 7. Qd2 Nxd4 8.
Qxd4 Qa5 9. Qd2 Be6 10. Bd3 Rc8 11. O-O h6 12. Nd5 Qxd2 13. Nxf6+ gxf6 14. Bxd2
Bg7 15. Bc3 O-O 16. Rfe1 Bc4 17. Re3 Bxd3 18. cxd3 Rc6 19. Kf1 Rfc8 20. Rd1 Kh7
21. d4 Rc4 22. Ke2 b5 23. a3 R4c7 24. d5 Rc4 25. g3 h5 26. f4 Bh6 27. Kf3 Bg7
28. Rdd3 Bh6 29. Re2 Bg7 30. h3 f5 31. e5 Bh6 32. Bb4 h4 33. exd6 Rg8 34. Be1
exd6 35. b3 Re4 36. Rde3 hxg3 37. Bxg3 Rxg3+ 38. Kxg3 Bxf4+ 39. Kf3 Bxe3 40.
Rxe3 Rd4 41. Rc3 Rxd5 42. b4 Kg6 43. Ke3 Kf6 44. Rc6 Ke5 45. Rxa6 f4+ 46. Ke2
Ke4 47. Ra7 f3+ 48. Ke1 f5 49. h4 Kf4 50. h5 Kg5 51. Kf2 Kxh5 52. Kxf3 Kg5 53.
Ra5 Re5 54. Ra6 Rd5 55. Ra5 Rd3+ 56. Ke2 Rh3 57. Rxb5 Rxa3 58. Rd5 Ra6 59. b5
Rb6 60. Kf3 Kf6 61. Kf4 Ke6 62. Rxf5 Rb8 63. Rh5 Ra8 64. Ke4 Ra4+ 65. Kd3
1/2-1/2

[Event "SR 3. liga A2 2010/2011"]
[Site "?"]
[Date "2010.11.28"]
[Round "4.1"]
[White "Horak, Ivan"]
[Black "Mihalik, Marek"]
[Result "1-0"]
[WhiteElo "2080"]
[BlackElo "2080"]
[PlyCount "55"]
[EventDate "2010.??.??"]
[WhiteTeam "Slovakia"]
[BlackTeam "II"]
[WhiteTeamCountry "SVK"]
[BlackTeamCountry "SVK"]

1. e4 c5 2. Nc3 d6 3. f4 Nc6 4. Nf3 Bg4 5. h3 Bxf3 6. Qxf3 Nd4 7. Qd1 e5 8.
Bb5+ Nxb5 9. Nxb5 a6 10. Nc3 Qh4+ 11. Kf1 Qxf4+ 12. Kg1 Nf6 13. d3 Qg3 14. Qe2
Be7 15. Bd2 O-O 16. Rf1 b5 17. Rf3 Qh4 18. Rf5 Ne8 19. Qf3 Bd8 20. Nd5 Bc7 21.
Bg5 Qe1+ 22. Kh2 Qa5 23. Be7 f6 24. Bxf8 Kxf8 25. Nxf6 gxf6 26. Rxf6+ Ke7 27.
Rf7+ Kd8 28. Qf5 1-0

[Event "SR 3. liga A2 2010/2011"]
[Site "?"]
[Date "2010.11.28"]
[Round "4.1"]
[White "Hudacek, Josef"]
[Black "Sekera, Branislav"]
[Result "0-1"]
[WhiteElo "2047"]
[BlackElo "2149"]
[PlyCount "104"]
[EventDate "2010.??.??"]
[WhiteTeam "Slovakia"]
[BlackTeam "II"]
[WhiteTeamCountry "SVK"]
[BlackTeamCountry "SVK"]

1. e4 d6 2. d4 g6 3. Nc3 Bg7 4. Be3 Nf6 5. f3 O-O 6. Qd2 c6 7. Bh6 Qc7 8. g4
Nbd7 9. h4 Re8 10. Bxg7 Kxg7 11. h5 Nf8 12. hxg6 fxg6 13. O-O-O b5 14. Qh6+ Kh8
15. Rd2 a5 16. Rdh2 a4 17. Bd3 e5 18. dxe5 dxe5 19. g5 Nh5 20. Rxh5 gxh5 21.
Qxh5 Re6 22. Nge2 b4 23. Nd1 Ba6 24. Nf2 c5 25. Bxa6 Raxa6 26. f4 exf4 27. Qg4
Ng6 28. Rh6 a3 29. b3 c4 30. Nd4 cxb3 31. Nxb3 Qc3 32. Nd3 Rac6 33. Nbc5 Rxe4
34. Rh1 Rxc5 35. Nxc5 Qxc5 36. Qd1 Qxg5 37. Qd7 f3+ 38. Kd1 Nf8 39. Qd6 Qf4 40.
Qxf4 Rxf4 41. Rf1 f2 42. Ke2 Ng6 43. c3 bxc3 44. Kd3 Rf3+ 45. Kc2 Ne5 46. Kb3
Ng4 47. Kxa3 Ne3 48. Rc1 c2 49. Kb2 Nd1+ 50. Kxc2 Rc3+ 51. Kxd1 Rxc1+ 52. Kxc1
f1=Q+ 0-1

[Event "SR 3. liga A2 2010/2011"]
[Site "?"]
[Date "2010.11.28"]
[Round "4.1"]
[White "Janko, Michal"]
[Black "Blatnicky, Miroslav"]
[Result "0-1"]
[WhiteElo "2274"]
[BlackElo "2119"]
[PlyCount "80"]
[EventDate "2010.??.??"]
[WhiteTeam "Slovakia"]
[BlackTeam "II"]
[WhiteTeamCountry "SVK"]
[BlackTeamCountry "SVK"]

1. b3 d5 2. Bb2 c5 3. e3 Nc6 4. f4 d4 5. Nf3 dxe3 6. dxe3 Qxd1+ 7. Kxd1 Bf5 8.
Bd3 Rd8 9. Ke2 Bxd3+ 10. cxd3 Nb4 11. Ne1 Nf6 12. Rg1 g6 13. Nc3 Bg7 14. Nb5 a6
15. Na3 O-O 16. Nc4 b5 17. Na5 Rd6 18. a3 Nbd5 19. Kf3 Nd7 20. Bxg7 Kxg7 21.
Rc1 f5 22. g3 e5 23. Rg2 Re8 24. e4 fxe4+ 25. dxe4 N5f6 26. Nb7 Rd4 27. Nxc5
exf4 28. Nxd7 Rxd7 29. gxf4 Nxe4 30. b4 Nd2+ 31. Kg4 h5+ 32. Kh3 Nc4 33. a4
Re3+ 34. Rg3 Rd4 35. Nc2 Rxg3+ 36. hxg3 Rd2 37. axb5 axb5 38. Ne1 Rb2 39. Nd3
Rb3 40. Rd1 Kf6 {biely na èas} 0-1

[Event "SR 3. liga A2 2010/2011"]
[Site "?"]
[Date "2010.11.28"]
[Round "4.1"]
[White "Kovacocy, Pavel"]
[Black "Bukovsky, Milan"]
[Result "1-0"]
[WhiteElo "2239"]
[BlackElo "1985"]
[PlyCount "49"]
[EventDate "2010.??.??"]
[WhiteTeam "Slovakia"]
[BlackTeam "II"]
[WhiteTeamCountry "SVK"]
[BlackTeamCountry "SVK"]

1. Nf3 Nf6 2. g3 g6 3. Bg2 Bg7 4. O-O O-O 5. d3 d5 6. Nbd2 Re8 7. e4 dxe4 8.
dxe4 e5 9. h3 b6 10. Re1 Bb7 11. Qe2 Nc6 12. c3 Qd7 13. Qb5 a6 14. Qb3 Na5 15.
Qc2 Rad8 16. b4 Nc6 17. Qb3 Bh6 18. Bf1 Re7 19. Nc4 Bxc1 20. Raxc1 b5 21. Ncd2
Qd6 22. Qc2 Nb8 23. Nb3 Nbd7 24. Rcd1 Bxe4 25. Rxe4 1-0

[Event "SR 3. liga A2 2010/2011"]
[Site "?"]
[Date "2010.11.28"]
[Round "4.2"]
[White "Halas, Miroslav"]
[Black "Cechovic, Stefan"]
[Result "1/2-1/2"]
[WhiteElo "1935"]
[BlackElo "2190"]
[PlyCount "43"]
[EventDate "2010.??.??"]
[WhiteTeam "Slovakia"]
[BlackTeam "II"]
[WhiteTeamCountry "SVK"]
[BlackTeamCountry "SVK"]

1. e4 e5 2. Nf3 Nf6 3. Nxe5 d6 4. Nf3 Nxe4 5. Nc3 Nxc3 6. dxc3 Be7 7. Bf4 O-O
8. Qd2 Nd7 9. Bc4 Nc5 10. O-O-O Be6 11. Bxe6 Nxe6 12. Be3 Re8 13. g4 a5 14. h4
b5 15. g5 b4 16. c4 Qc8 17. h5 Qb7 18. Rh3 Qe4 19. Qd5 Qxd5 $11 20. Rxd5 Nc5
21. Nd4 a4 22. Nc6 $11 1/2-1/2

[Event "SR 3. liga A2 2010/2011"]
[Site "?"]
[Date "2010.11.28"]
[Round "4.2"]
[White "Kozinka, Roman"]
[Black "Strakac, Petr"]
[Result "0-1"]
[WhiteElo "2049"]
[BlackElo "2046"]
[PlyCount "54"]
[EventDate "2010.??.??"]
[WhiteTeam "Slovakia"]
[BlackTeam "II"]
[WhiteTeamCountry "SVK"]
[BlackTeamCountry "SVK"]

1. e4 e5 2. Nf3 Nc6 3. Bb5 a6 4. Ba4 Nf6 5. O-O Be7 6. Re1 b5 7. Bb3 O-O 8. d3
d6 9. c3 Na5 10. Bc2 c5 11. h3 Nc6 12. a4 Bd7 13. Nbd2 Qc7 14. Nf1 d5 15. exd5
Nxd5 16. d4 cxd4 17. axb5 axb5 18. Rxa8 Rxa8 19. cxd4 Ncb4 20. Bb3 Ra1 21. Nxe5
Be6 22. Ne3 Nxe3 23. fxe3 Bg5 24. Kf2 Nd5 25. Qc2 Qxc2+ 26. Bxc2 Rxc1 27. Rxc1
Bxe3+ 0-1

[Event "SR 3. liga A2 2010/2011"]
[Site "?"]
[Date "2010.11.28"]
[Round "4.2"]
[White "Lanyi, Frantisek"]
[Black "Janko, Ladislav"]
[Result "0-1"]
[WhiteElo "1725"]
[BlackElo "2239"]
[PlyCount "60"]
[EventDate "2010.??.??"]
[WhiteTeam "Slovakia"]
[BlackTeam "II"]
[WhiteTeamCountry "SVK"]
[BlackTeamCountry "SVK"]

1. e4 c5 2. Nf3 Nc6 3. d4 cxd4 4. Nxd4 g6 5. Be3 Bg7 6. c3 Nf6 7. Bd3 O-O 8.
O-O d5 9. Nxc6 bxc6 10. exd5 cxd5 11. Be2 Qc7 12. Nd2 Rb8 13. Nb3 a5 14. Rb1
Bd7 15. Nd4 Rfc8 16. h3 e5 17. Nf3 Bf5 18. Ra1 Rxb2 19. Bd2 Ne4 20. g4 Be6 21.
Re1 Nxd2 22. Nxd2 Qxc3 23. Nf3 e4 24. Ng5 Rd2 25. Qb1 Qxa1 26. Qxa1 Bxa1 27.
Nxe6 fxe6 28. Ba6 Rc6 29. Bb7 Rb6 30. Bxd5 exd5 0-1

[Event "SR 3. liga A2 2010/2011"]
[Site "?"]
[Date "2010.11.28"]
[Round "4.2"]
[White "Manak, Adrian"]
[Black "Kovarik, Oto"]
[Result "1-0"]
[WhiteElo "1909"]
[BlackElo "2025"]
[PlyCount "81"]
[EventDate "2010.??.??"]
[WhiteTeam "Slovakia"]
[BlackTeam "II"]
[WhiteTeamCountry "SVK"]
[BlackTeamCountry "SVK"]

1. e4 c5 2. Nf3 e6 3. d4 cxd4 4. Nxd4 Nc6 5. Nc3 a6 6. Be3 d6 7. Be2 Nf6 8. g4
h6 9. Rg1 Qc7 10. h4 Nd7 11. g5 Nc5 12. gxh6 gxh6 13. Nb3 Bd7 14. Bh5 O-O-O 15.
Qd2 Ne5 16. Bd4 Bc6 17. O-O-O f6 18. f4 Ned7 19. Nxc5 dxc5 20. Be3 b5 21. f5
exf5 22. exf5 Ne5 23. Qf2 b4 24. Ne2 Bd5 25. b3 a5 26. Nf4 Qc6 27. Qd2 c4 28.
Nxd5 cxb3 29. axb3 a4 30. Nb6+ Qxb6 31. Bxb6 Rxd2 32. Rxd2 a3 33. Rd8+ Kb7 34.
Bc5 Bxc5 35. Rg7+ Kb6 36. Rxh8 Bd4 37. Kb1 Bc3 38. Rxh6 Nc6 39. Rxf6 Bxf6 40.
Rg6 Bc3 41. Bf3 1-0

[Event "SR 3. liga A2 2010/2011"]
[Site "?"]
[Date "2010.11.28"]
[Round "4.2"]
[White "Meszaros, Lorant"]
[Black "Sebesta, Radovan"]
[Result "1-0"]
[WhiteElo "2076"]
[BlackElo "2076"]
[PlyCount "69"]
[EventDate "2010.??.??"]
[WhiteTeam "Slovakia"]
[BlackTeam "II"]
[WhiteTeamCountry "SVK"]
[BlackTeamCountry "SVK"]

1. d4 Nf6 2. c4 e6 3. g3 c5 4. d5 exd5 5. cxd5 d6 6. Nc3 g6 7. Bg2 Bg7 8. Nf3
O-O 9. O-O Re8 10. Nd2 Nbd7 11. a4 Ne5 12. h3 Nh5 13. f4 Nxg3 14. fxe5 Nxf1 15.
Qxf1 Bxe5 16. Nf3 Bg7 17. Bf4 a6 18. Ng5 Bf5 19. e4 Bd4+ 20. Kh1 Bd7 21. Nf3
Bg7 22. Re1 Bc8 23. Qf2 b6 $11 24. Qg3 Bf8 25. e5 dxe5 26. Rxe5 Bb7 27. Rh5 Bg7
28. Bh6 Qf6 29. Bxg7 Kxg7 30. Ne5 Ra7 31. Ne4 Qd8 32. Nxf7 Qb8 33. Qg5 Rxe4 34.
Bxe4 Qg8 35. Nd6 1-0

[Event "SR 3. liga A2 2010/2011"]
[Site "?"]
[Date "2010.11.28"]
[Round "4.3"]
[White "Dvorsky, Jozef"]
[Black "Lajda, Dusan"]
[Result "1-0"]
[WhiteElo "2024"]
[BlackElo "1890"]
[PlyCount "65"]
[EventDate "2010.??.??"]
[WhiteTeam "Slovakia"]
[BlackTeam "II"]
[WhiteTeamCountry "SVK"]
[BlackTeamCountry "SVK"]

1. e4 c5 2. Nf3 Nc6 3. c4 d6 4. d4 cxd4 5. Nxd4 Nf6 6. Nc3 g6 7. f3 Bg7 8. Be3
a6 9. Qd2 O-O 10. Be2 Bd7 11. O-O Rc8 12. Rac1 Nxd4 13. Bxd4 Ne8 14. Nd5 Bxd4+
15. Qxd4 Be6 16. Nc3 Ng7 17. b4 f5 18. Rfd1 fxe4 19. fxe4 Bf7 20. a3 Qc7 21.
Bg4 Ne6 22. Qe3 Rfe8 23. Nd5 Qc6 24. Qh3 Ng5 25. Qe3 Ne6 26. e5 h5 27. Bxe6
Bxe6 28. Qg5 Bxd5 29. Qxg6+ Kh8 30. Qxh5+ Kg8 31. Qg6+ Kh8 32. Rd4 Qb6 33. c5
1-0

[Event "SR 3. liga A2 2010/2011"]
[Site "?"]
[Date "2010.11.28"]
[Round "4.3"]
[White "Jozefovic, Milan"]
[Black "Mihalik, Anton"]
[Result "0-1"]
[WhiteElo "1917"]
[BlackElo "1919"]
[PlyCount "98"]
[EventDate "2010.??.??"]
[WhiteTeam "Slovakia"]
[BlackTeam "II"]
[WhiteTeamCountry "SVK"]
[BlackTeamCountry "SVK"]

1. e4 c5 2. Nf3 d6 3. Bc4 e6 4. d4 cxd4 5. Nxd4 Nf6 6. Nc3 a6 7. a4 Be7 8. O-O
O-O 9. Bg5 h6 10. Be3 Qc7 11. Bb3 Nc6 12. f4 Bd7 13. Nf3 Rfd8 14. h3 Rac8 15.
Qd2 Na5 16. Qf2 Nc4 17. Bxc4 Qxc4 18. Nd2 Qc6 19. a5 Be8 20. Bb6 Rd7 21. Ra4 d5
22. e5 Nh7 23. Nb3 Nf8 24. Nd4 Bc5 25. Kh1 Bxb6 26. axb6 Qxb6 27. Nb3 Qxf2 28.
Rxf2 Rdc7 29. Rb4 b5 30. Na5 Nd7 31. Rd4 Nb6 32. g4 Nc4 33. Nxc4 Rxc4 34. Rdd2
b4 35. Nd1 a5 36. Kh2 a4 37. f5 Re4 38. Rfe2 Rxe2+ 39. Rxe2 Bb5 40. Rd2 a3 41.
bxa3 bxa3 42. c3 Bc4 43. Ne3 Bb3 44. fxe6 fxe6 45. Nc2 a2 46. Na1 Bc4 47. Kg3
Rb8 48. Kf3 Rb1 49. Nc2 Rc1 0-1

[Event "SR 3. liga A2 2010/2011"]
[Site "?"]
[Date "2010.11.28"]
[Round "4.3"]
[White "Kubis, Ivan"]
[Black "Lopatievov, Alexander"]
[Result "1/2-1/2"]
[WhiteElo "1980"]
[BlackElo "1988"]
[PlyCount "82"]
[EventDate "2010.??.??"]
[WhiteTeam "Slovakia"]
[BlackTeam "II"]
[WhiteTeamCountry "SVK"]
[BlackTeamCountry "SVK"]

1. e4 d6 2. d4 Nf6 3. Nc3 c6 4. f4 e6 5. Nf3 Be7 6. Bd3 O-O 7. O-O b5 8. e5
dxe5 9. fxe5 Nd5 10. Ne4 f5 11. exf6 Nxf6 12. c3 Qd5 13. Qe2 Nbd7 14. Bg5 h6
15. Bh4 Qh5 16. Nxf6+ Nxf6 17. Bxf6 Rxf6 18. Qe4 Bd8 19. Qxc6 Qd5 20. Qxd5 exd5
21. Rae1 Bd7 22. Ne5 Be8 23. Bc2 Rd6 24. Bb3 Bf6 25. Ng4 Bg5 26. Ne3 Bf7 27.
Nf5 Rd7 28. g4 a5 29. a3 Kh7 30. h4 Bf6 31. h5 Bg5 32. Kg2 g6 33. Ng3 Ra6 34.
Bc2 Kg7 35. hxg6 Bxg6 36. Bxg6 Kxg6 37. Nf5 b4 38. axb4 axb4 39. Re8 bxc3 40.
bxc3 Rc6 41. Rf3 Kh7 1/2-1/2

[Event "SR 3. liga A2 2010/2011"]
[Site "?"]
[Date "2010.11.28"]
[Round "4.3"]
[White "Liptak, Dusan"]
[Black "Krist, Milan"]
[Result "1-0"]
[WhiteElo "2086"]
[BlackElo "2004"]
[PlyCount "73"]
[EventDate "2010.??.??"]
[WhiteTeam "Slovakia"]
[BlackTeam "II"]
[WhiteTeamCountry "SVK"]
[BlackTeamCountry "SVK"]

1. d4 d5 2. c4 e6 3. Nc3 Nf6 4. Nf3 Be7 5. Bf4 a6 6. e3 O-O 7. c5 Nc6 8. a3 Nh5
9. b4 Bd7 10. Be2 g6 11. Bh6 Ng7 12. e4 dxe4 13. Nxe4 Re8 14. Qd2 Nf5 15. Bf4
Bf8 16. g4 Nfxd4 17. Nxd4 Bg7 18. Be3 Nxd4 19. Bxd4 Bc6 20. Bxg7 Qxd2+ 21. Kxd2
Bxe4 22. f3 Rad8+ 23. Ke3 Bc6 24. Bf6 Rd7 25. Rhd1 Rxd1 26. Rxd1 h6 27. Rd8 Kf8
28. Bd3 Bd5 29. Be4 Rxd8 30. Bxd8 c6 31. Bxd5 exd5 32. Kf4 Ke8 33. Bf6 Kd7 34.
Ke5 Kc7 35. h4 b6 36. h5 a5 37. Bg7 1-0

[Event "SR 3. liga A2 2010/2011"]
[Site "?"]
[Date "2010.11.28"]
[Round "4.3"]
[White "Palka, Miroslav"]
[Black "Szitasi, Janos"]
[Result "1/2-1/2"]
[WhiteElo "1935"]
[BlackElo "2020"]
[PlyCount "44"]
[EventDate "2010.??.??"]
[WhiteTeam "Slovakia"]
[BlackTeam "II"]
[WhiteTeamCountry "SVK"]
[BlackTeamCountry "SVK"]

1. c4 e5 2. Nc3 Nf6 3. g3 Bc5 4. e3 Nc6 5. Bg2 O-O 6. Nge2 Re8 7. O-O d6 8. h3
Be6 9. d4 exd4 10. exd4 Bxc4 11. dxc5 dxc5 12. Qxd8 Raxd8 13. Bxc6 bxc6 14. Re1
Nd5 15. Nxd5 cxd5 16. Be3 d4 17. Nxd4 cxd4 18. Bxd4 Rxe1+ 19. Rxe1 Bxa2 20.
Bxa7 c6 21. Bd4 Be6 22. Be3 Bxh3 1/2-1/2